000 00981nam a2200265 i 4500
001 180251
003 ES-MaACL
005 20231224062934.0
008 120521s2009 sp |||| | spa d
020 _a978-84-96452-65-7
080 _a821.134.2-31"19"
100 1 _aBaroja, Pío,
_d1872-1956
_925752
245 1 3 _aLa lucha por la vida
_b; El pasado /
_cPio Baroja ; edición de Magdalena de Pazzi Cueto.
260 _aMadrid :
_bFundación José Antonio de Castro,
_c2009.
300 _aLI, 1277 p. ;
_c22 cm.
490 1 _aBiblioteca Castro
490 1 _aTrilogías ;
_v2
505 8 _aContiene: ;
_tLa lucha por la vida: La busca. Mala hierba. Aurora roja - ;
_tEl pasado: La feria de los discretos. Los últimos románticos. Las tragedias grotescas
700 1 _aPazzi Cueto, Magdalena de.
_9150058
740 3 2 _aEl pasado.
830 0 _aBiblioteca Castro
_9178957
830 0 _aTrilogías ;
_v2
_9191229
852 _aES-MaACL
_jL-29877
999 _c180251
_d180251